000 01528nam0a2200277 4500
001 RU\NLR\bibl\117512
005 20260407021508.0
035 _a(NLR Aleph) 000115087
090 _a653884
_c653884
100 _a20001113d1996 |||y0rusy50 ca
101 0 _arus
102 _aRU
105 _ay |||||||||
200 1 _aОпределение показаний к ангиолизу у больных с повреждениями плечевого сплетения
_eМетод. рек. N 96/153
_fМ-во здравоохранения и мед. пром-сти Рос. Федерации, [Рос. науч. исслед. нейрохирург. ин-т им. проф. А.Л. Поленова
_gПодгот. проф. В.П. Берснев и др.]
210 _aСПб.
_cРНХИ
_d1996
215 _a10 с.
_d20
606 0 _aПлечевое сплетение
_jМетодические пособия
_xТравмы
_xХирургическое лечение
_xПрименение ангиолиза
_92185201
_3RU\NLR\auth\661313833
686 _aР638.595-59я8
702 1 _4220
_8rus
_7ca
_aБерснев
_bВ.П.
_f1939 -
_gВалерий Павлович
_3RU\NLR\auth\7727368
_910402
712 1 2 _4570
_8ger
_aFortbuldungstagung für Fachreferentinnen und Fachreferenten des Wirtschaftswissenschaften
_d5
_f2006
_eKöln
_7ba
_3RU\NLR\AUTH\8810006462
_9510436
801 0 _aRU
_bNLR
_c20001113
_gPSBO
801 1 _aRU
_bNLR
_c20001113
852 _aNLR
_j2000-4/6866
942 _cBOOK
980 _aNB